1212 1707 1468 1328 1446 1927 1290 1035 1945 1333 1366 1478 1649 1803 1533 1659 1091 1670 1539 1191 1567 1732 1492 1148 1227 1644 1549 1962 1017 1541 1335 1296 1565 1987 1965 1088 1296 1388 1587 1224 1018 1407 1990 1765 1132 1558 1505 1894 1821 1173 1058 1316 1081 1142 1240 1482 1234 1827 1257 1230 1897 1857 1642 1472 1631 1247 1907 1042 1267 1656 1551 1767 1027 1007 1184 1675 1025 1483 1282 1130 1600 1602 1940 1495 1830 1714 1289 1166 1074 1602 1411 1339 1808 1104 1777 1003 1611 1883 1251 BCNSPRNW ULIB Ver.6.0+V

เปลี่ยนเป็นภาษาไทย

Change to English
 แสดงรายละเอียดบรรณานุกรม
  กลับหน้าหลัก

Brief Record : Get Marc (ISO 2709) : E-mail record : QR code < ปิดหน้าต่าง
LEADER : 00000nam 2200000uu 4500
001    13399121032
003     ULIB
008    121031s2541||||th 000 0 tha d
020    9747377578
050  0 CT203.T3^bว551ด
100 0  พลตรีหลวงวิจิตรวาทการ
245 00 ดวงหน้าในอดีต^bพลตรีหลวงวิจิตรวาทการ
250    พิมพ์ครั้งที่ 8
260    กรุงเทพฯ:^bสร้างสรรค์^c2541
945    ^p170^l0^i011931
995    เกษร
999    ^aวิภา
รายการนี้ยังไม่มีแท็ก
คุณยังไม่ได้ล็อกอิน คุณสามารถมีกิจกรรมร่วมกับเว็บไซต์ได้ แต่ต้องล็อกอินก่อน ::
  ล็อกอิน

รายการสื่อสารสนเทศ

ลำดับที่ ประเภท เลขเรียก/บาร์โค้ด สถานที่ สถานะ
1. วิทยาศาสตร์การแพทย์ และสุขภาพ
วิทยาศาสตร์การแพทย์ และสุขภาพ
CT203.T3 ว551ด  
  Barcode: 011931
ห้องสมุดวิทยาเขตสวรรค์ประชารักษ์
►หนังสือทั่วไป
บนชั้น

BibComment


ยังไม่เคยถูกคอมเมนท์

คอมเมนท์ทรัพยากรรายการนี้
  คอมเมนท์: ดวงหน้าในอดีต พลต..


 Copyright 2026. Bcnsprnw @Library